Città Italiane 501-1000(2026) - Statistics

Statistiche generali
  • Questo quiz è stato fatto 49 volte
  • Il punteggio medio è 55 su 500
Statistiche sulle risposte
Number Popoulation Province Risposta % Corretto
597 17663 VB Domodossola
50%
816 13809 FI Fiesole
50%
724 15150 NA Sorrento
50%
594 17713 CT Aci Castello
40%
849 13275 TE Alba Adriatica
40%
569 18220 CT Bronte
40%
809 13874 PA Cefalù
40%
509 20022 PD Cittadella
40%
505 20174 GR Follonica
40%
681 15924 AP Grottammare
40%
705 15547 FM Porto San Giorgio
40%
815 13827 PU Urbino
40%
574 18076 CT Aci Sant'Antonio
30%
565 18337 CS Acri
30%
551 18787 RO Adria
30%
826 13655 NO Arona
30%
974 12031 VC Borgosesia
30%
563 18379 RM Bracciano
30%
560 18418 AN Castelfidardo
30%
641 16601 RN Cattolica
30%
715 15343 MO Finale Emilia
30%
746 14887 PC Fiorenzuola D'Arda
30%
714 15350 NA Frattaminore
30%
535 19137 LT Gaeta
30%
548 18934 LE Gallipoli
30%
523 19492 NA Ischia
30%
562 18392 KR Isola Di Capo Rizzuto
30%
514 19869 FI Lastra a Signa
30%
940 12367 GE Lavagna
30%
628 16961 PZ Melfi
30%
566 18330 MI Melzo
30%
877 13032 SI Montepulciano
30%
800 14020 GR Orbetello
30%
533 19196 TR Orvieto
30%
642 16600 MT Pisticci
30%
960 12149 SA Sala Consilina
30%
723 15151 AR Sansepolcro
30%
972 12059 ME Sant Agata Di Militello
30%
719 15282 PN San Vito al Tagliamento
30%
744 14907 BO Sasso Marconi
30%
506 20093 CE Sessa Aurunca
30%
538 19063 FI Signa
30%
979 11957 AV Solofra
30%
684 15856 VT Tarquinia
30%
976 12029 TE Tortoreto
30%
848 13279 FG Vieste
30%
916 12700 RC Villa San Giovanni
30%
515 19746 BA Acquaviva Delle Fonti
20%
544 19005 AL Acqui Terme
20%
540 19038 RM Anguillara Sabazia
20%
598 17653 TN Arco
20%
522 19505 MI Arese
20%
584 17917 RM Ariccia
20%
827 13652 RM Artena
20%
632 16838 SA Baronissi
20%
525 19480 RN Bellaria Igea Marina
20%
846 13302 SA Bellizzi
20%
982 11906 MT Bernalda
20%
675 16034 NA Brusciano
20%
559 18421 BO Budrio
20%
799 14049 MI Busto Garolfo
20%
625 17001 SA Campagna
20%
728 15123 PD Campodarsego
20%
873 13053 ME Capo D'Orlando
20%
578 18018 CE Capua
20%
557 18475 VA Caronno Pertusella
20%
622 17040 BR Carovigno
20%
696 15691 MI Carugate
20%
903 12839 CE Casagiove
20%
691 15757 LO Casalpusterlengo
20%
537 19093 LE Casarano
20%
820 13738 TO Caselle Torinese
20%
726 15126 BA Cassano Delle Murge
20%
680 15927 TA Castellaneta
20%
823 13708 SA Castel San Giorgio
20%
648 16541 BO Castenaso
20%
721 15173 PG Castiglione Del Lago
20%
633 16822 NA Cercola
20%
698 15667 FI Certaldo
20%
780 14308 MI Cesate
20%
949 12308 NA Cicciano
20%
959 12156 PA Cinisi
20%
745 14902 PE Città Sant'Angelo
20%
699 15663 LO Codogno
20%
795 14105 BO Crevalcore
20%
541 19016 MI Cusano Milanino
20%
683 15877 BS Darfo Boario Terme
20%
665 16264 CO Erba
20%
682 15888 PD Este
20%
501 20264 BL Feltre
20%
511 19949 FR Ferentino
20%
605 17531 NA Forio
20%
863 13163 FC Forlimpopoli
20%
749 14836 LE Galatone
20%
529 19301 RC Gioia Tauro
20%
620 17070 NA Grumo Nevano
20%
786 14224 PG Gualdo Tadino
20%
773 14410 BS Leno
20%
990 11870 RC Locri
20%
871 13066 AN Loreto
20%
792 14125 VA Luino
20%
662 16299 CE Lusciano
20%
851 13265 LE Maglie
20%
657 16378 TE Martinsicuro
20%
634 16812 BO Medicina
20%
860 13198 SR Melilli
20%
742 14954 LC Merate
20%
787 14213 RN Misano Adriatico
20%
772 14416 PU Mondolfo
20%
951 12294 SA Montecorvino Rovella
20%
994 11847 NA Monte Di Procida
20%
545 18992 PO Montemurlo
20%
870 13067 AP Monteprandone
20%
527 19381 AV Montoro
20%
941 12358 SO Morbegno
20%
591 17769 TR Narni
20%
668 16216 VE Noale
20%
502 20244 TV Oderzo
20%
643 16597 FG Orta Nova
20%
930 12449 BS Orzinuovi
20%
707 15516 CT Palagonia
20%
733 15069 CS Paola
20%
692 15739 MI Pieve Emanuele
20%
750 14803 TE Pineto
20%
596 17682 MT Policoro
20%
610 17352 BA Polignano A Mare
20%
964 12119 FR Pontecorvo
20%
706 15529 AG Porto Empedocle
20%
923 12600 MC Porto Recanati
20%
547 18949 RG Pozzallo
20%
824 13698 LT Priverno
20%
588 17853 RM Rocca Di Papa
20%
763 14599 VI Rosà
20%
771 14472 RC Rosarno
20%
528 19322 LT Sabaudia
20%
838 13406 CE San Cipriano D Aversa
20%
650 16503 FI San Giovanni Valdarno
20%
946 12313 FG San Marco In Lamis
20%
835 13485 FG San Nicandro Garganico
20%
513 19912 CH San Salvo
20%
777 14367 CE Santa Maria a Vico
20%
549 18931 NA Sant'Antonio Abate
20%
656 16398 FM Sant Elpidio A Mare
20%
614 17240 GE Sestri Levante
20%
709 15483 TE Silvi
20%
969 12084 SI Sinalunga
20%
769 14510 VR Sommacampagna
20%
920 12643 TA Statte
20%
768 14517 LE Surbo
20%
613 17260 NA Terzigno
20%
735 15027 CE Teverola
20%
711 15481 PG Todi
20%
539 19056 VA Tradate
20%
627 16977 LE Tricase
20%
667 16231 PG Umbertide
20%
521 19511 FR Veroli
20%
504 20198 NA Vico Equense
20%
524 19487 PA Villabate
20%
765 14587 FI Vinci
20%
526 19466 BO Zola Predosa
20%
686 15808 MB Agrate Brianza
10%
814 13844 CS Amantea
10%
942 12348 BO Anzola Dell'Emilia
10%
740 14963 BZ Appiano Sulla Strada Del Vino
10%
929 12466 FG Apricena
10%
585 17896 MB Arcore
10%
925 12564 MI Arluno
10%
837 13435 SS Arzachena
10%
962 12139 TO Avigliana
10%
690 15769 PN Azzano Decimo
10%
647 16543 RA Bagnacavallo
10%
928 12471 BS Bagnolo Mella
10%
978 11970 FI Baranzate
10%
977 11977 MI Barberino Tavarnelle
10%
957 12172 BS Bedizzole
10%
710 15482 MB Besana In Brianza
10%
567 18286 FI Borgo San Lorenzo
10%
830 13580 BL Borgo Vallebelluna
10%
631 16855 MB Bovisio Masciago
10%
617 17157 BZ Brunico
10%
878 13028 BS Calcinato
10%
822 13724 BO Calderara Di Reno
10%
922 12616 NA Calvizzano
10%
889 12959 VE Camponogara
10%
913 12714 MI Canegrate
10%
731 15073 BA Capurso
10%
582 17944 MB Carate Brianza
10%
653 16443 BG Caravaggio
10%
624 17016 SR Carlentini
10%
767 14540 PO Carmignano
10%
887 12968 BS Carpenedolo
10%
868 13074 TV Casale Sul Sile
10%
532 19213 BA Casamassima
10%
888 12964 NA Casandrino
10%
571 18207 NA Casavatore
10%
518 19683 MI Cassano D'Adda
10%
807 13895 MI Cassina De Pecchi
10%
716 15342 VI Cassola
10%
912 12742 MN Castel Goffredo
10%
764 14598 TP Castellammare Del Golfo
10%
517 19697 BA Castellana Grotte
10%
805 13901 VA Castellanza
10%
554 18512 BO Castel Maggiore
10%
734 15059 MO Castelnuovo Rangone
10%
784 14244 PC Castel San Giovanni
10%
905 12823 AR Castiglion Fiorentino
10%
874 13044 LE Cavallino
10%
861 13186 VE Cavallino Treporti
10%
791 14175 AN Chiaravalle
10%
520 19552 BS Chiari
10%
575 18065 TO Ciriè
10%
790 14182 KR Cirò Marina
10%
687 15802 UD Codroipo
10%
697 15670 BS Concesio
10%
536 19111 MI Corbetta
10%
593 17718 PN Cordenons
10%
758 14630 MC Corridonia
10%
893 12939 TA Crispiano
10%
639 16678 RM Fiano Romano
10%
945 12316 BS Gavardo
10%
555 18504 BS Ghedi
10%
534 19156 BA Giovinazzo
10%
880 13000 BO Granarolo Dell'Emilia
10%
872 13060 CE Gricignano Di Aversa
10%
971 12075 BA Grumo Appula
10%
637 16692 BS Gussago
10%
783 14250 FI Impruneta
10%
756 14700 TA Laterza
10%
899 12859 PZ Lavello
10%
812 13858 BA Locorotondo
10%
621 17062 BS Lonato Del Garda
10%
640 16612 VA Malnate
10%
833 13501 BS Manerbio
10%
612 17299 MO Maranello
10%
798 14052 VI Marostica
10%
788 14188 NA Massa Lubrense
10%
915 12707 BS Mazzano
10%
572 18138 MI Melegnano
10%
688 15792 BO Molinella
10%
619 17075 PD Monselice
10%
890 12951 VT Montefiascone
10%
932 12437 FM Montegranaro
10%
778 14323 FI Montelupo Fiorentino
10%
891 12945 BN Montesarchio
10%
727 15125 TA Mottola
10%
914 12708 TS Muggia
10%
626 16989 MI Nerviano
10%
927 12511 EN Nicosia
10%
671 16155 MO Nonantola
10%
973 12052 RO Occhiobello
10%
785 14241 NO Oleggio
10%
966 12111 CO Olgiate Comasco
10%
911 12744 VA Olgiate Olona
10%
775 14396 MI Opera
10%
776 14377 BR Oria
10%
747 14855 BS Ospitaletto
10%
694 15701 TA Palagiano
10%
669 16212 NA Palma Campania
10%
580 17972 RC Palmi
10%
895 12933 CE Parete
10%
919 12679 ME Patti
10%
564 18360 MO Pavullo Nel Frignano
10%
713 15422 CT Pedara
10%
996 11816 MI Pero
10%
530 19290 PT Pescia
10%
700 15642 PI Ponsacco
10%
983 11905 BG Ponte San Pietro
10%
741 14958 PN Porcia
10%
832 13540 BS Rezzato
10%
592 17723 AG Ribera
10%
938 12382 PZ Rionero In Vulture
10%
802 13947 CT Riposto
10%
590 17782 TN Riva Del Garda
10%
944 12326 TO Rivarolo Canavese
10%
975 12030 RM Rocca Priora
10%
519 19649 BS Rovato
10%
760 14627 RE Rubiera
10%
954 12221 RA Russi
10%
568 18223 BA Rutigliano
10%
510 19951 PN Sacile
10%
602 17560 CN Saluzzo
10%
659 16332 RM San Cesareo
10%
630 16861 CE San Felice a Cancello
10%
806 13898 BT San Ferdinando Di Puglia
10%
968 12092 NA San Gennaro Vesuviano
10%
801 13951 TA San Giorgio Ionico
10%
708 15487 CS San Giovanni in Fiore
10%
766 14577 CH San Giovanni Teatino
10%
751 14758 CE San Marcellino
10%
561 18411 TO San Mauro Torinese
10%
902 12843 BR San Pietro Vernotico
10%
967 12097 CE San Prisco
10%
743 14941 PI Santacroce Sull Arno
10%
558 18431 RM Santa Marinella
10%
988 11880 VR Sant Ambrogio Di Valpolicella
10%
718 15326 CE Sant Arpino
10%
589 17833 BR San Vito Dei Normanni
10%
854 13220 BS Sarezzo
10%
722 15166 TA Sava
10%
679 15954 NA Saviano
10%
577 18028 FC Savignano Sul Rubicone
10%
678 15959 CT Scordia
10%
543 19010 VE Scorzè
10%
881 12998 MI Sedriano
10%
939 12381 LU Seravezza
10%
512 19922 MI Settimo Milanese
10%
600 17570 RC Siderno
10%
794 14110 GR Solaro
10%
586 17879 VA Somma Lombardo
10%
885 12979 MO Spilamberto
10%
546 18967 PE Spoltore
10%
876 13035 SS Tempio Pausania
10%
866 13111 PA Terrasini
10%
658 16371 FG Torremaggiore
10%
803 13944 BS Travagliato
10%
531 19275 CT Tremestieri Etneo
10%
821 13727 LE Trepuzzi
10%
955 12220 MI Trezzo Sull'Adda
10%
825 13684 BT Trinitapoli
10%
986 11891 LE Ugento
10%
674 16059 VR Valeggio Sul Mincio
10%
701 15620 RM Valmontone
10%
931 12447 SV Varazze
10%
804 13914 MB Varedo
10%
864 13142 LE Veglie
10%
901 12846 CE Villa Literno
10%
782 14270 MB Villasanta
10%
629 16938 MI Vimodrone
10%
654 16436 BA Adelfia
0%
581 17946 PT Agliana
0%
601 17567 BG Albino
0%
651 16494 TO Alpignano
0%
672 16099 LU Altopascio
0%
836 13439 BG Alzano Lombardo
0%
615 17236 MI Bareggio
0%
611 17351 TO Beinasco
0%
936 12389 MB Biassono
0%
981 11930 FR Bibbiena
0%
797 14053 FE Bondeno
0%
926 12517 CN Borgo San Dalmazzo
0%
725 15137 MN Borgo Virgilio
0%
664 16265 VR Bovolone
0%
689 15783 PD Cadoneghe
0%
898 12862 SV Cairo
0%
900 12855 PI Calcinaia
0%
579 17994 FI Calenzano
0%
828 13644 LC Calolziocorte
0%
950 12301 LI Campiglia Marittima
0%
995 11829 PD Camposampiero
0%
754 14715 VA Cardano Al Campo
0%
542 19013 RE Casalgrande
0%
730 15095 CR Casalmaggiore
0%
858 13210 LC Casatenovo
0%
963 12121 PI Casciana Terme Lari
0%
661 16307 CS Cassano All'Ionio
0%
953 12234 VR Castel D'Azzano
0%
609 17353 FI Castel Fiorentino
0%
829 13586 PI Castelfranco Di Sotto
0%
720 15196 RE Castellarano
0%
852 13252 VR Castelnuovo Del Garda
0%
907 12773 VE Cavarzere
0%
556 18502 BR Ceglie Messapica
0%
618 17084 VR Cerea
0%
737 15019 MI Cerro Maggiore
0%
817 13784 UD Cervignano Del Friuli
0%
924 12567 VI Chiampo
0%
732 15070 VT Civita castellana
0%
748 14854 PR Collecchio
0%
655 16418 LI Collesalvetti
0%
935 12392 PU Colli Al Metauro
0%
673 16067 MB Concorezzo
0%
693 15714 FE Copparo
0%
810 13868 BI Cossato
0%
752 14739 MN Curtatone
0%
739 14985 VE Dolo
0%
831 13563 VI Dueville
0%
984 11901 VE Eraclea
0%
934 12394 VA Fagnano Olona
0%
808 13885 RI Farà in Sabina
0%
897 12874 PA Ficarazzi
0%
636 16723 MO Fiorano Modenese
0%
793 14113 SA Fisciano
0%
999 11801 PN Fiume Veneto
0%
896 12893 PN Fontanafredda
0%
813 13850 RM Formello
0%
695 15700 NO Galliate
0%
663 16295 TO Giaveno
0%
948 12310 CT Grammichele
0%
841 13381 FI Greve in Chianti
0%
762 14600 RE Gustalla
0%
998 11806 VR Isola Della Scala
0%
649 16530 RG Ispica
0%
553 18658 BZ Laives
0%
918 12680 BZ Lana
0%
894 12937 RM Lanuvio
0%
850 13274 RM Lariano
0%
842 13359 BR Latiano
0%
855 13219 UD Latisana
0%
666 16232 TO Leini
0%
677 15990 MB Lentate Sul Seveso
0%
965 12115 EN Leonforte
0%
840 13393 LE Leverano
0%
909 12766 ME Lipari
0%
992 11858 GO Lizzanello
0%
676 15998 VI Lonigo
0%
757 14680 PG Magione
0%
755 14701 VI Malo
0%
595 17708 VE Marcon
0%
583 17931 PG Marsciano
0%
774 14397 CT Mascali
0%
947 12312 MI Mediglia
0%
993 11856 LE Mestrino
0%
552 18719 CA Monserrato
0%
508 20034 CS Montalto Uffugo
0%
859 13208 LE Monteroni Di Lecce
0%
985 11900 AR Monte San Giovanni Campano
0%
862 13170 FI Montespertoli
0%
703 15603 PV Mortara
0%
961 12142 CT Motta Sant Anastasia
0%
652 16467 VR Negrar Di Valpolicella
0%
845 13315 PR Noceto
0%
573 18122 BA Noci
0%
847 13301 RE Novellara
0%
789 14185 VB Omegna
0%
906 12799 BG Osio Sotto
0%
781 14279 BO Ozzano Dell Emilia
0%
867 13110 RM Palombara Sabina
0%
604 17547 VR Pescantina
0%
702 15604 TO Pianezza
0%
952 12251 VE Pianiga
0%
956 12213 NA Piano Di Sorrento
0%
587 17866 BO Pianoro
0%
576 18051 TO Piossasco
0%
503 20236 PD Piove Di Sacco
0%
917 12694 NA Pollena Trocchia
0%
865 13133 PD Ponte San Nicolò
0%
729 15111 LT Pontinia
0%
879 13017 TV Ponzano Veneto
0%
958 12162 FE Portomaggiore
0%
638 16691 MN Porto Mantovano
0%
819 13739 RO Porto Viro
0%
712 15445 MC Potenza Picena
0%
635 16759 TV Preganziol
0%
904 12828 CA Quartucciu
0%
853 13235 RE Quattro Castella
0%
645 16556 FI Reggello
0%
779 14321 MI Rescaldina
0%
507 20057 TO Rivalta Di Torino
0%
796 14077 VI Romano D Ezzelino
0%
761 14611 TV Roncade
0%
991 11862 PD Ronchi Dei Legionari
0%
943 12328 PC Rottofreno
0%
623 17038 PD Rubano
0%
908 12770 VE Salzano
0%
670 16184 VA Samarate
0%
921 12641 TV San Biagio Di Callalta
0%
660 16313 FI San Casciano In Val Di Pesa
0%
987 11890 MN San Giorgio Bigarello
0%
644 16590 VR San Martino Buon Albergo
0%
856 13218 PD San Martino Di Lupari
0%
937 12386 FC San Mauro Pascoli
0%
892 12940 VR San Pietro in Cariano
0%
883 12991 BO San Pietro In Casale
0%
910 12764 VE San Stino Di Livenza
0%
839 13396 PI Santa Maria a Monte
0%
607 17473 VE Santa Maria Di Sala
0%
834 13499 LO Sant Angelo Lodigiano
0%
980 11952 FI Scarperia e San Pietro
0%
997 11811 PT Serravalle Pistoiese
0%
608 17360 CA Sinnai
0%
704 15549 MO Soliera
0%
599 17583 VR Sona
0%
875 13036 PR Sorbolo Mezzani
0%
770 14474 SS Sorso
0%
933 12399 TV Spresiano
0%
844 13320 LE Squinzano
0%
818 13748 BG Stezzano
0%
811 13859 IM Taggia
0%
753 14722 RC Taurianova
0%
759 14629 UD Tavagnacco
0%
970 12077 AR Terranuova Bracciolini
0%
869 13069 VI Tezze Sul Brenta
0%
603 17557 MC Tolentino
0%
1000 11799 VI Torri Di Quartesolo
0%
884 12984 PD Trebaseleghe
0%
886 12969 BA Turi
0%
570 18218 AL Valenza
0%
616 17220 BA Valenzano
0%
736 15020 PU Vallefoglia
0%
989 11876 PI Vecchiano
0%
646 16554 TV Vedelago
0%
843 13358 VT Vetralla
0%
516 19739 MN Viadana
0%
857 13211 PD Vigodarzere
0%
882 12997 CI Villacidro
0%
606 17526 TV Villorba
0%
717 15334 TO Vinovo
0%
738 15011 TO Volpiano
0%
550 18876 RM Zagarolo
0%
685 15809 VR Zevio
0%
Nessun quiz corrispondente trovato
Distribuzione punteggi
Percentuale di utenti per punteggio
Percentile per numero di risposta
I tuoi punteggi nel tempo
Non hai fatto questo quiz